Live & Learn - Crush 40 (Lyrics) - Statistics

General Stats
  • This quiz has been taken 41 times
  • The average score is 262 of 298
Answer Stats
Lyrics % Correct
learn!
100%
Live
100%
you
100%
You
100%
your
100%
Your
100%
a
95%
and
95%
And
95%
came
95%
came!
95%
Can
95%
can
95%
down
95%
feel
95%
more!
95%
slippin'
95%
spine?
95%
the
95%
to
95%
tomorrow
95%
tomorrow!
95%
Yeah!
95%
yeah!
95%
Yeah,
95%
yeah,
95%
back
91%
edge
91%
for
91%
Hanging
91%
life,
91%
life
91%
mind?
91%
of
91%
on
91%
through
91%
time
91%
But
86%
but
86%
fears
86%
follow
86%
From
86%
hardly
86%
help
86%
ignore!
86%
like
86%
looks
86%
Oh,
86%
oh,
86%
Oh!
86%
Oh
86%
pain!
86%
so
86%
swallow
86%
yesterday
86%
yesterday!
86%
can't
82%
floor!
82%
it
82%
movin'
82%
never
82%
right
82%
try
82%
up
82%
way
82%
way!
82%
works
82%
face
77%
find
77%
If
77%
if
77%
if"!
77%
in
77%
Ooh,
77%
puts
77%
sorrow
77%
tangle
77%
where
77%
beg
73%
borrow
73%
borrow!
73%
inside?
73%
save
73%
dream
64%
far,
64%
far
64%
Hold
64%
may
64%
Now
64%
or
64%
place
64%
There's
64%
wide
64%
paid
59%
searching
59%
trade!
59%
"what
59%
you'd
55%
you're
55%
You've
55%
Whoa,
50%
whoa,
50%
whoa
50%
yeeeaaah!
5%
No matching quizzes found
Score Distribution
Percent of People with Each Score
Percentile by Number Answered
Your Score History
You have not taken this quiz